000 00480nam a2200217Ia 4500
005 20251020182510.0
008 200515s9999 xx 000 0 und d
020 _a84-96137-96-1
082 _a645.421/V59
100 _aVicario, David
245 0 _aCAMAS
260 _aMadrid
260 _bH KLICZKOWSKI-ONLYBOOK S.L.
260 _c2002
300 _a507 p.
300 _bil., fot., col.
500 _a1 ejemplar
650 _aCAMAS
942 _cLIB
999 _c1394
_d1394